000 00572nam a2200205 i 4500
001 88286
003 ES-MaACL
005 20230906175831.0
007 t|
008 050104s1907 fr ||||1| fre d
100 1 _aLagrange, Félix.
_969601
245 1 0 _aPrecis d'ophtalmologie /
_cFélix Lagrange.
260 _a[S.l. :
_bs.n.,
_c1907] (
_eEvreux :
_fCh. Herissey)
300 _aIII, 880 p. ;
_c18 cm.
490 1 _aCollection Testut
650 0 4 _aOftalmología.
_915693
830 0 _aCollection Testut
_9181022
852 _aES-MaACL
_jF-2602
999 _c88286
_d88286